000 01222nam a2200241Ia 4500
001 IA_Nevertheless, during the operation of the window of credit, itself not results were obtained of the all satisfactory, since due to the excess of work and to the lack of personnel with the adequate profile to develop the necessary activities, itself achievement to reduce a little the time of answer to clients, but has the security that as soon as have the adequate personnel the time will be reduced more.
002 PARTICIPACION DE LOS AGROINDUSTRIALES DENTRO DEL P
008 220117s xx 000 0 und d
010 _a184244
530 _aDisponible en PDF
583 _a1 ej. imp. ; 2 ej. CD
650 _aAgricultural credit
_9147582
650 _aAgricultural finance
_9147479
650 _aBusiness partnerships
_9156604
650 _aCrédito agrícola
_929022
650 _aFinanciación agrícola
_9147481
650 _aSociedades comerciales
_9156605
700 1 _aPonce Hernández, Pedro
_9147918
700 _aReyna Izaguirre, Diana América, asesor
_9163691
700 _aSzymanski Duque, Rosa Guadalupe, asesor
_9163701
942 _cTESIS H47 2011
999 _c184244
_d184244